| 000 | 00500cam a22001337a 4500 | ||
|---|---|---|---|
| 008 | 180718b2005 xxu||||| |||| 00| 0 eng d | ||
| 100 | _aFilho, Joaquim Bento de Souza Ferreira | ||
| 245 |
_aThe Doha round, poverty and regional inequality in Brazil _cby Joaquim Bento de Souza Ferreira Filho and Mark Horridge |
||
| 260 |
_aWashington, D.C. _bWorld Bank _c2005 |
||
| 300 | _a49p. | ||
| 440 | _aPolicy research working paper; no. 3701 | ||
| 650 | _aPoverty- Inequality-Brazil | ||
| 700 | _aHorridge, Mark | ||
| 999 |
_c292877 _d292877 |
||